000 00288nam a22001337a 4500
008 170207b xxu||||| |||| 00| 0 eng d
020 _a9780893031558
041 _aeng
080 _26ED
_a61
100 _a4
101 _aSHM
245 _aEMERGENCY CARE
_cHARVEY GRANT
942 _2udc
_cBK
999 _c4805
_d4805